Aasian maantiedettä kirjaimittain - A - Statistics

Yleistilastot
  • Tätä visaa on pelattu 595 kertaa
  • Keskiarvotulos 12 / 22
Vastaustilastot
Vihje Vastaus % Oikein
Turkin pääkaupunki Ankara
99%
11 Aasian valtion virallinen kieli Arabia
89%
Baku on tämän valtion pääkaupunki Azerbaidžan
83%
"Imperiumien hautausmaaksi" kutsuttu valtio Afganistan
75%
Jordanian pääkaupunki Amman
73%
Historian ensimmäinen kristitty valtio Armenia
71%
Keinokastelun lähes kokonaan kuivattama suuri järvi Araljärvi
68%
Kazakstanin nykyinen pääkaupunki Astana
63%
Nimitys Keski-Aasian laajoille ruohotasangoille Aro
62%
Pinta-alaltaan suurin Yhdistyneiden arabiemiraattien emiirikunnista Abu Dhabi
53%
Turkin korkein vuori Ararat
50%
Turkmenistanin pääkaupunki Ašgabat
47%
Kambodžassa sijaitseva maailman suurin temppeli Angkor Wat
45%
Suuren osan Venäjän ja Kiinan välisestä rajasta muodostava joki Amur
44%
Taj Mahal sijaitsee tässä kaupungissa Agra
43%
Turkki sijaitsee pääosin tällä niemimaalla Anatolia
43%
Kazakstanin entinen pääkaupunki Almaty
41%
Gandhi aloitti suolamarssinsa tästä kaupungista Ahmedabad
28%
Yli 8000 metriä korkea Nepalissa sijaitseva vuori, joka on nimetty hindulaisen ruoan jumalattaren mukaan Annapurna
24%
Intialle kuuluva saaristo, jossa elää yhä nykymaailmasta täysin eristyksissä oleva ihmisryhmä Andamaanit
22%
Sikhiläisyyden pyhin paikka Kultainen temppeli sijaitsee tässä kaupungissa Amritsar
15%
Suuri yllä olevaan järveen laskeva joki Amudarja
12%
Ehtoja vastaavia visoja ei löytynyt
Tulosjakauma
Jokaisen tuloksen saaneiden osuus
Persentiili vastausten määrän mukaan
Tuloshistoriasi
Et ole pelannut tätä visaa